[Event "2009 EMTF"]
[Site "LSS email"]
[Date "2011.01.26"]
[Round "?"]
[White "Ng, Willy C"]
[Black "Riley, Lane"]
[Result "1-0"]
[WhiteElo "1494"]
[BlackElo "2177"]
[PlyCount "101"]
[EventDate "2011.02.01"]
[EventType "tourn (corr)"]
[EventRounds "12"]
[EventCountry "GER"]
[SourceTitle "Telechess CBM 149"]
[Source "ChessBase"]
[SourceDate "2012.07.17"]
[SourceVersion "1"]
[SourceVersionDate "2012.07.17"]
[SourceQuality "1"]

1. e4 e6 2. d4 d5 3. e5 c5 4. c3 Nc6 5. Nf3 Bd7 6. Bd3 cxd4 7. cxd4 Qb6 8. Nc3 Nxd4 9. Nxd4 Qxd4 10. 0-0 a6 11. Re1 Ne7 12. Be3 Qxe5 13. Bc2 Qc7 14. Na4 Rc8 15. Rc1 Qb8 16. Nb6 Rc7 17. Bf4 Nc6 18. Bxc7 Qxc7 19. Nxd5 Qd8 20. Qd2 Bd6 21. Rcd1 Ne5 22. Nf6+ gxf6 23. Qxd6 Qe7 24. Qb8+ Qd8 25. Qxd8+ Kxd8 26. f4 Ng6 27. Bxg6 hxg6 28. Re3 Ke7 29. g4 e5 30. h3 Rc8 31. fxe5 Be6 32. exf6+ Kxf6 33. Re2 Bxa2 34. Rd7 Bc4 35. Rc2 Be6 36. Rf2+ Kg7 37. Rxb7 Ra8 38. Kh2 a5 39. g5 a4 40. Rf6 Kg8 41. Rf4 a3 42. bxa3 Rxa3 43. Rb8+ Kg7 44. Rh4 Ra2+ 45. Kg1 Ra1+ 46. Kf2 Ra2+ 47. Ke1 Ra1+ 48. Kd2 Ra2+ 49. Kc1 f6 50. Rb7+ Bf7 51. gxf6+ 1-0

[Event "2009 EMTF"]
[Site "LSS email"]
[Date "2011.01.26"]
[Round "?"]
[White "Riley, Lane"]
[Black "Quirk, Michael"]
[Result "0-1"]
[WhiteElo "2177"]
[BlackElo "2026"]
[PlyCount "32"]
[EventDate "2011.02.01"]
[EventType "tourn (corr)"]
[EventRounds "12"]
[EventCountry "GER"]
[SourceTitle "Corr 2015"]
[Source "ChessBase"]
[SourceDate "2015.07.17"]
[SourceVersion "1"]
[SourceVersionDate "2015.07.17"]
[SourceQuality "1"]

1. d4 Nf6 2. Nf3 g6 3. Bg5 Bg7 4. Nbd2 0-0 5. e4 d5 6. e5 Ne4 7. Be3 c5 8. dxc5 Nc6 9. c3 Qc7 10. Bb5 Nxe5 11. Nxe5 Bxe5 12. Nf3 Bg4 13. Qxd5 Bxf3 14. gxf3 Nf6 15. Rg1 Nxd5 16. 0-0-0 Nxe3 0-1

[Event "2009 EMTF"]
[Site "LSS email"]
[Date "2011.01.26"]
[Round "?"]
[White "Riley, Lane"]
[Black "Thomas, Gerald K"]
[Result "0-1"]
[WhiteElo "2177"]
[BlackElo "1756"]
[PlyCount "34"]
[EventDate "2011.02.01"]
[EventType "tourn (corr)"]
[EventRounds "12"]
[EventCountry "GER"]
[SourceTitle "Corr 2015"]
[Source "ChessBase"]
[SourceDate "2015.07.17"]
[SourceVersion "1"]
[SourceVersionDate "2015.07.17"]
[SourceQuality "1"]

1. d4 Nf6 2. Nf3 d5 3. e3 e6 4. Bd3 c5 5. c3 Nc6 6. Nbd2 Bd6 7. 0-0 Qc7 8. dxc5 Bxc5 9. e4 0-0 10. Qe2 b6 11. e5 Ng4 12. Re1 Bxf2+ 13. Kf1 Bxe1 14. Nxe1 Ngxe5 15. Ndf3 Nxd3 16. Nxd3 Ba6 17. Qe3 e5 0-1